000 00291nam a2200121Ia 4500
008 190216s9999||||xx |||||||||||||| ||und||
100 _aSeth M L
245 0 _aTheory And Practice Of Economic Planning
250 _aIst ed
260 _bS Chand & Co
_c1977
650 _aEconomics
942 _cBK
999 _c9318
_d9318